Os clássicos rock stars (Registo nº 202128)
[ vista simples ]
| 000 -Etiqueta do registo | |
|---|---|
| Valores | 00588nam 22002053 4500 |
| 010 ## - Número ISBN | |
| ISBN | 85-215-0514-0 |
| 100 ## - Dados gerais de processamento | |
| Dados gerais | 20260511d u||y0pory50 ba |
| 200 ## - Titulo e menção de responsabilidade | |
| Título próprio | Os clássicos rock stars |
| Informação de outro título | a história ilustrada do rock |
| Primeira menção de responsabilidade | Peter Herring |
| 210 ## - Publicação | |
| Local de publicação | Rio de Janeiro |
| Nome do editor | Ao livro Técnico |
| Data de publicação | 1989 |
| 215 ## - Descrição física | |
| Paginação / Volumes | 224 p. |
| Outras indicações físicas | Encadernado |
| Dimensões | 31 cm |
| 606 ## - Nome comum usado como assunto | |
| ID Autoridade | 1103 |
| Palavra de ordem | Música |
| 610 ## - Termos não controlados | |
| Palavra de ordem | Rock -- História |
| 610 ## - Termos não controlados | |
| Palavra de ordem | Músicos de rock |
| 675 ## - CDU | |
| Notação | 78 |
| Edição | PT |
| Língua | por |
| 700 ## - Autor principal (pessoa individual) | |
| ID Autoridade | 17284 |
| Apelido | Harring |
| Nome | Peter |
| 801 ## - Fonte de origem | |
| País | PT |
| Agência | BMMN |
| Regras de catalogação | RPC |
| 830 ## - Notas gerais do catalogador | |
| Criado por | Fernando |
| Indexado por | Fernando |
| 990 ## - Elementos KOHA | |
| Tipo de documento | Livro |
| Situação do levantamento | Biblioteca de origem | Código de barras | Cota | Permissão de empréstimo | Tipo de documento | Forma de aquisição |
|---|---|---|---|---|---|---|
| Biblioteca Municipal de Montemor-o-Novo | 31552 | 78 HEN|DEP | Livro | Compra |